=LDR 00000nam 2200000 4500 =001 INLIS000000000019280 =005 20130612114349 =008 ***********************************Ind** =035 ##$$0010-061300000019280 =041 ##$$a Ind =082 ##$$a F Rom D =090 ##$$a F Rom D, Pra a =100 ##$$a Pranoto, Naning =245 ##$$a Azaleh jingga, Naning Pranoto =260 ##$$a 2005 $b Jakarta =300 ##$$a x, 245 hlm, 21 cm =650 ##$$a Fiksi dewasa-Indonesia =850 ##$$a NBPNMAT